000 01112nam a2200301 4500
001 0000013990
003 CO-CtgCURN
005 20250331185236.0
007 ta
008 160627s2002 000 0 eng d
020 _a8448603753
040 _aCO-CtgCURN
_bspa
_ccoctgcurn
082 0 _a618.924
_bP65t
100 1 _aPombo, M.
245 1 0 _aTratado de endocrinologĂ­a pediatrica /
_cM. Pombo.
250 _a3a ed.
260 _aMadrid :
_bMcGraw-Hill Interamericana,
_c2002.
300 _axx, 1512 p.
336 _2rdacontent
337 _2rdamedia
_asin mediacion
_bn
338 _2rdacarrier
_avolumen
_bnc
504 _aBibliografia al final de cada capitulo.
505 8 _aDesarrollo endocrino del feto y del recien nacido.--El crecimiento.--Hipofisis.--Paratiroides y metabolismo fosfocalcio.--Corteza suprarrenal.--Metabolismo de los hidratos de carbono.--Nutricion y metabolismo de los lipidos.--Miscelanea
650 1 4 _aEndocrinologĂ­a pediatrica.
908 _a160627
942 _cBK
_h618.924
_iP65t
_2ddc
999 _c23799
_d23799